| 000 | 00529nam a22001697a 4500 | ||
|---|---|---|---|
| 003 | OSt | ||
| 005 | 20251126150353.0 | ||
| 008 | 251126b |||||||| |||| 00| 0 eng d | ||
| 040 |
_aDWCL-Main lib _cOC |
||
| 082 | _aFil. 657.3 Ac172p 2005 | ||
| 245 |
_aPhilippine accounting standards (PAS) vol. 2/ _cPhil. Institute of Certified PUBLIC Accountants |
||
| 260 |
_aManila : _bPICPA, _cc2005. |
||
| 300 |
_avarious paging ; _c25 cm. |
||
| 650 | _aAccounting. | ||
| 710 | _aACCOUNTING STANDARDS COUNCIL | ||
| 942 |
_2ddc _cBK - FIL _kFil. _n0 |
||
| 999 |
_c6407 _d6407 |
||